<?xml version="1.0" encoding="UTF-8"?>
<marc:record xmlns:marc="http://www.loc.gov/MARC21/slim">
   <marc:leader>00000nam a2200000 a 4500</marc:leader>
   <marc:datafield ind1="1" ind2=" " tag="100">
      <marc:subfield code="a">Heinze, Elisabeth</marc:subfield>
      <marc:subfield code="4">aut</marc:subfield>
      <marc:subfield code="e">Verfasser/-in</marc:subfield>
   </marc:datafield>
   <marc:datafield ind1=" " ind2=" " tag="653">
      <marc:subfield code="a">Antike Stätten Griechenland</marc:subfield>
   </marc:datafield>
   <marc:datafield ind1=" " ind2=" " tag="653">
      <marc:subfield code="a">Bester Reiseführer Griechenland</marc:subfield>
   </marc:datafield>
   <marc:datafield ind1=" " ind2=" " tag="653">
      <marc:subfield code="a">Bester Reiseführer Peloponnes</marc:subfield>
   </marc:datafield>
   <marc:datafield ind1=" " ind2=" " tag="653">
      <marc:subfield code="a">Genießen in Griechenland</marc:subfield>
   </marc:datafield>
   <marc:datafield ind1=" " ind2=" " tag="653">
      <marc:subfield code="a">Griechenlandurlaub aber wohin</marc:subfield>
   </marc:datafield>
   <marc:datafield ind1=" " ind2=" " tag="653">
      <marc:subfield code="a">Mani</marc:subfield>
   </marc:datafield>
   <marc:datafield ind1=" " ind2=" " tag="653">
      <marc:subfield code="a">Olympia</marc:subfield>
   </marc:datafield>
   <marc:datafield ind1=" " ind2=" " tag="653">
      <marc:subfield code="a">Reiseführer Empfehlung Griechenland</marc:subfield>
   </marc:datafield>
   <marc:datafield ind1=" " ind2=" " tag="653">
      <marc:subfield code="a">Wandern Griechenland</marc:subfield>
   </marc:datafield>
   <marc:datafield ind1=" " ind2=" " tag="653">
      <marc:subfield code="a">Wo ist Griechenland am schönsten</marc:subfield>
   </marc:datafield>
   <marc:datafield ind1=" " ind2=" " tag="653">
      <marc:subfield code="a">Nafplio</marc:subfield>
   </marc:datafield>
   <marc:datafield ind1=" " ind2=" " tag="653">
      <marc:subfield code="a">Patras</marc:subfield>
   </marc:datafield>
   <marc:datafield ind1=" " ind2=" " tag="653">
      <marc:subfield code="a">Surfen in Griechenland</marc:subfield>
   </marc:datafield>
   <marc:datafield ind1=" " ind2=" " tag="653">
      <marc:subfield code="a">Softcover / Reisen/Reiseführer/Europa</marc:subfield>
   </marc:datafield>
   <marc:datafield ind1="0" ind2="0" tag="245">
      <marc:subfield code="a">Peloponnes</marc:subfield>
   </marc:datafield>
   <marc:datafield ind1="0" ind2="0" tag="245">
      <marc:subfield code="c">Elisabeth Heinze</marc:subfield>
   </marc:datafield>
   <marc:datafield ind1=" " ind2="1" tag="264">
      <marc:subfield code="a">Ostfildern</marc:subfield>
      <marc:subfield code="b">DuMont Reiseverlag</marc:subfield>
      <marc:subfield code="c">2022</marc:subfield>
   </marc:datafield>
   <marc:datafield ind1="1" ind2=" " tag="490">
      <marc:subfield code="a">DuMont REISE-TASCHENBUCH</marc:subfield>
   </marc:datafield>
   <marc:datafield ind1=" " ind2=" " tag="250">
      <marc:subfield code="a">1. Auflage, Aktualisierte Nachauflage</marc:subfield>
   </marc:datafield>
   <marc:datafield ind1="1" ind2=" " tag="520">
      <marc:subfield code="a">Angaben aus der Verlagsmeldung

DuMont Reise-Taschenbuch Peloponnes : Reiseführer plus Reisekarte. Mit individuellen Autorentipps und vielen Touren. / von Elisabeth Heinze

Über das Buch
In der griechischen Region Peloponnes, zwischen der Großstadt Patras im Nordwesten und der kargen Halbinsel Máni im Süden, erwarten uns erstaunliche Entdeckungen und unerwartete Erlebnisse. Hier blieben viele Traditionen der Griechen noch fast unberührt erhalten. Zwischen langen Sandstränden, wild-einsamen Bergregionen wie dem Parnon und vielen romantischen Landstädtchen gibt es unendlich viele Möglichkeiten zur Entschleunigung: alte Orte wie Náfplio mit Bilderbuchflair, historische Burgen der Kreuzritter, antike Ruinen wie Olympia, Korinth oder Mykene – also fast eine echte Zeitreise. Natururlauber können sich an feinsandigen Stränden, auf Berg- Trails, in grünen Tälern voller Wasser-fälle und sogar auf dem Methána-Vulkan nach Belieben austoben. Folgen Sie einfach den Touren und Lieblingsorten von Elisabeth Heinze.

Und so erleben Sie den Peloponnes mit dem DuMont Reise- Taschenbuch:
Persönlich und echt: Wir legen Wert auf ehrliche Erlebnisse, Nähe und Gegenwart Übersichtliche Gliederung: So findet sich jeder gut zurecht Eintauchen &amp; Erleben: Ein Überblick über die besten Ziele eines jeden Kapitels. Macht Lust auf Entdeckungen Die Touren: Einfach losziehen, neue Wege gehen. Aktiv in Natur und Kultur eintauchen Die Lieblingsorte: Dort hat es der Autorin am Besten gefallen Die Adressen: radikal subjektive Auswahl, mal stylish, mal ökologisch, immer individuell und persönlich Das Magazin: ein abwechslungsreiches Reisefeuilleton. Es packt auch kritische und kontroverse Themen an … Die Karten: 7 Citypläne, 14 Tourenkarten, 6 Pläne antiker Orte, Über-sichtskarte mit den Highlights des Peloponnes, Schnellüberblick zu jeder Region plus eine große Reisekarte Das Plus zum Buch: Aktuelle Reisetipps und News gibt‘s unter www.dumontreise.de/peloponnes.
</marc:subfield>
   </marc:datafield>
   <marc:datafield ind1=" " ind2=" " tag="020">
      <marc:subfield code="a">9783616020815</marc:subfield>
      <marc:subfield code="9">9783616020815</marc:subfield>
   </marc:datafield>
   <marc:datafield ind1=" " ind2=" " tag="020">
      <marc:subfield code="a">3616020816</marc:subfield>
      <marc:subfield code="9">3616020816</marc:subfield>
   </marc:datafield>
   <marc:datafield ind1=" " ind2=" " tag="041">
      <marc:subfield code="a">ger</marc:subfield>
   </marc:datafield>
   <marc:datafield ind1=" " ind2=" " tag="300">
      <marc:subfield code="a">296 Seiten</marc:subfield>
   </marc:datafield>
</marc:record>
